[Event "22nd Alekhine Master 2018"]
[Site "Voronezh"]
[Date "2018.06.20"]
[Round "8"]
[White "Tiviakov, Sergei"]
[Black "Dzhumaev, Marat"]
[Result "1-0"]
[WhiteElo "2580"]
[BlackElo "2434"]
[Annotator "TA"]
[PlyCount "43"]
[EventDate "2018.06.21"]
[EventType "swiss"]
[EventCountry "RUS"]
[SourceTitle "playchess.com"]
[Source "ChessBase"]
[SourceQuality "1"]

{[%evp 18,43,0,0,1,0,-1,-4,8,15,37,37,44,6,89,43,57,50,98,87,139,137,366,339,737,717,29991,29992]} 1. e4 e5 2. Nf3 Nc6 3. Bb5 {[%cal Bf1b5,Bb5a4,Ba4b3][%mdl 32]} a6 4. Ba4 Nf6 5. Qe2 b5 6. Bb3 Be7 7. a4 Bb7 8. c3 {C77: Ruy Lopez: 3...a6 4 Ba4 Nf6, unusual lines} O-O 9. O-O d5 10. d4 {LiveBook: 4 Games. The position is equal.} Nxe4 11. dxe5 Nc5 12. Bc2 bxa4 $146 ({Predecessor:} 12... Nxa4 13. Qd3 g6 14. Bxa4 bxa4 15. Bh6 Re8 16. Rxa4 Qd7 17. Rf4 Nd8 18. Nd4 {½-½ (18) Baklan,V (2631)-Azarov,S (2605) Eforie Nord 2008}) 13. Be3 f6 14. exf6 Rxf6 15. Nbd2 {[%cal Bb1d2,Bd2e4,Be4g5][%mdl 32]} Qd7 (15... a5 $11) 16. Bxc5 Bxc5 17. Qd3 $36 {[%mdl 2048] White has the initiative.} Rh6 {[#]} 18. Ne4 $1 {[%cal Re4c5][%mdl 1536] White has strong compensation.} Bb6 (18... Nd4 $142 19. Nf6+ (19. Nxc5 Nxf3+ 20. Qxf3 Qd6 $14) (19. Nxd4 dxe4 20. Qc4+ Qd5 $11) 19... gxf6 20. Nxd4 (20. cxd4 Bb4 $14) 20... Kh8) (18... dxe4 19. Qxd7) 19. Neg5 $16 Qd6 $2 (19... a3 $16 {was called for.}) 20. Rfe1 $18 ({Stronger than} 20. Bxa4 Ne5 $11) 20... Qc5 $2 (20... g6 21. Bxa4 (21. Rxa4 Rf8 $16) 21... Rf8) 21. Re6 {Intending Rxh6 and mate.} Qc4 22. Qf5 {Precision: White = 94%, Black = 16%.} 1-0

[Event "22nd Alekhine Master 2018"]
[Site "Voronezh"]
[Date "2018.06.20"]
[Round "8"]
[White "Chigaev, Maksim"]
[Black "Potapov, Pavel"]
[Result "1/2-1/2"]
[WhiteElo "2577"]
[BlackElo "2491"]
[Annotator "TA"]
[PlyCount "39"]
[EventDate "2018.06.21"]
[EventType "swiss"]
[EventCountry "RUS"]
[SourceTitle "playchess.com"]
[Source "ChessBase"]
[SourceQuality "1"]

{[%evp 24,39,44,30,37,32,31,37,43,43,35,22,43,31,50,29,29,18]} 1. e4 c5 2. Nf3 Nc6 3. Bb5 g6 4. Bxc6 bxc6 5. O-O Bg7 6. Re1 Nh6 7. c3 O-O 8. h3 f6 9. d4 cxd4 10. cxd4 Nf7 {B31: Sicilian: 2...Nc6 3 Bb5 g6} 11. Nc3 {[%cal Bb1c3,Bc3a4,Ba4c5][%mdl 32]} Rb8 12. b3 d6 13. Bb2 {LiveBook: 4 Games} Qb6 $146 ({Predecessor:} 13... Qa5 14. Qc2 Ba6 15. Ne2 Rfc8 16. Bc3 Qb5 17. e5 fxe5 18. dxe5 Nxe5 19. Bxe5 Bxe5 20. Nfd4 Bxd4 21. Nxd4 {1-0 (57) Iordachescu,V (2603)-Stojanovski,D (2442) Kraljevo 2014}) 14. Rc1 e5 15. Na4 Qb5 16. Nd2 Rd8 17. Qc2 Bb7 18. Nc4 d5 19. Na3 Qb4 20. Nc5 1/2-1/2

[Event "22nd Alekhine Master 2018"]
[Site "Voronezh"]
[Date "2018.06.20"]
[Round "8"]
[White "Savchenko, Boris"]
[Black "Gabrielian, Artur"]
[Result "0-1"]
[WhiteElo "2565"]
[BlackElo "2506"]
[Annotator "TA"]
[PlyCount "60"]
[EventDate "2018.06.21"]
[EventType "swiss"]
[EventCountry "RUS"]
[SourceTitle "playchess.com"]
[Source "ChessBase"]
[SourceQuality "1"]

{[%evp 21,60,50,44,-21,-13,-73,-85,-161,-163,-152,-157,-171,-172,-168,-168,-166,-141,-153,-133,-167,-150,-183,-181,-218,-190,-193,-179,-179,-188,-188,-200,-193,-182,-229,-228,-466,-463,-456,-454,-543,-540]} 1. d4 Nf6 2. c4 c5 3. d5 e6 4. Nc3 exd5 5. cxd5 d6 6. Nf3 g6 7. Bf4 a6 8. a4 Bg7 9. e4 O-O 10. Be2 Bg4 11. O-O Re8 {[%cal Bf8e8,Be8e4,Be4b4][%mdl 32]} 12. h3 {A75: Benoni (Hauptsystem)} (12. Nd2 $14 Bxe2 13. Qxe2) (12. Nd2 Bxe2 13. Qxe2 Nh5 14. Be3 Nd7 15. g4 Nhf6 16. f3 Rc8 17. Kh1 Ne5 18. g5 Nh5 19. f4 Nd7 20. a5 h6 21. gxh6 Bxh6 22. Nc4 Qe7 23. Qf3 Bg7 24. Rae1 {½-½ (52) Kozul,Z (2595)-Sale,S (2410) Bol 2014}) 12... Nxe4 $11 13. Nxe4 (13. hxg4 $11 {bleibt in der Remisbreite.} Bxc3 14. Bd3 (14. bxc3 $2 Nxc3 15. Qd2 Nxe2+ 16. Kh2 Nxf4 $17)) 13... Rxe4 $17 14. Bh2 $146 (14. Bg5 $17 Qe8 15. hxg4 Rxe2 16. Bf4) ({Vorgänger:} 14. Bg5 Qe8 15. Bd3 Bxf3 16. Qxf3 Rb4 17. Rae1 Be5 18. Qd1 Qxa4 19. Qxa4 Rxa4 {0-1 (34) Uhlmann,W-Fischer,R Palma de Mallorca 1970}) 14... Bxf3 $19 ({Viel schwächer ist} 14... Bxb2 15. Rb1 $15) 15. Bxf3 Rb4 16. Re1 Qf8 ({Auf keinen Fall} 16... Rxb2 17. Rb1 $17) 17. Ra2 Nd7 ({Lieber nicht} 17... Bxb2 {[#]} 18. Rxb2 $1 {[%mdl 512]} Rxb2 19. Qa1 $11) 18. b3 Ne5 19. Be2 Re8 20. a5 Qe7 21. Kf1 Rd4 22. Qb1 Nd3 23. Bxd3 Qxe1+ 24. Qxe1 Rxe1+ 25. Kxe1 {[#] Und weiter mit Lc4 wäre nett.} Rxd3 26. Bxd6 Rxd5 {KTL-KTL} 27. Be7 Bc3+ 28. Ke2 $2 (28. Kf1 {einziger Zug.}) 28... f6 {Schwarz steht klar auf Gewinn.} 29. Rc2 Bd4 30. Kd3 Kf7 {Precision: Weiß = 20%, Schwarz = 89%.} 0-1

[Event "22nd Alekhine Master 2018"]
[Site "Voronezh"]
[Date "2018.06.20"]
[Round "8"]
[White "Iljiushenok, Ilia"]
[Black "Shagbazyan, Taron"]
[Result "1-0"]
[WhiteElo "2530"]
[BlackElo "2429"]
[Annotator "TA"]
[PlyCount "55"]
[EventDate "2018.06.21"]
[EventType "swiss"]
[EventCountry "RUS"]
[SourceTitle "playchess.com"]
[Source "ChessBase"]
[SourceQuality "1"]

{[%evp 18,55,41,59,148,151,170,167,173,172,261,272,278,268,271,273,272,275,270,271,490,480,610,614,620,611,595,588,531,410,391,483,465,475,467,446,3593,2707,5369,5289]} 1. e4 e5 2. Nf3 Nf6 3. Nxe5 d6 4. Nf3 Nxe4 5. d4 d5 6. Bd3 Bd6 7. O-O O-O 8. c4 c6 9. Qc2 Re8 10. Nc3 {LiveBook: 5 Games} Nxc3 {C42: Petroff Defence: 3 Nxe5 and unusual White 3rd moves} ({Black should play} 10... Bf5 $14) (10... Bf5 11. Re1 Bb4 12. Bg5 Qa5 13. Nxe4 dxe4 14. Bxe4 Bxe1 15. Bxf5 g6 16. Be4 Bb4 17. c5 Nd7 18. a3 Bxc5 19. dxc5 Qxc5 {1-0 (38) Grischuk,A (2701)-Rozentalis,E (2586) Istanbul 2003 CBM 096 [Huzman,A]}) 11. Bxh7+ $16 ({But not} 11. bxc3 $6 h6 $14) (11. Qxc3 $6 Bg4 $11) 11... Kh8 {...Ne2+ is the strong threat.} 12. bxc3 dxc4 {White is clearly better.} 13. Bg5 $146 {[%mdl 128] White has strong attack.} ({Predecessor:} 13. Bf5 Bxf5 14. Qxf5 Qf6 15. Qg4 Kg8 16. a4 Qe6 17. Qxe6 Rxe6 18. Rb1 {1-0 (27) Manik,M (2370)-Sorkovsky,M (2184) Slovakia 2013}) 13... Qa5 (13... Qc7 $142) 14. Rae1 Be6 15. Qe4 {Black must now prevent Qh4.} Nd7 {And now ...Nf8 would win.} 16. Qh4 {Threatening mate with Bf5+.} Nf8 17. Bb1+ Kg8 {[#]} 18. Ne5 $1 Qc7 $2 (18... Bxe5 {keeps fighting.} 19. Rxe5 Bd5) 19. f4 $18 f6 {[#]} 20. Ng6 $1 Nh7 {[#]} 21. Ne7+ $1 {[%mdl 512]} Rxe7 (21... Qxe7 22. Bxh7+) 22. Qxh7+ Kf8 {[#] intending ...Bg8.} 23. Rxe6 $1 {[%mdl 512]} Rxe6 24. Bg6 ({Not} 24. Qh8+ Ke7 $18) 24... fxg5 {White is clearly winning.} 25. f5 {[%cal Bf4f5,Bf5g6][%mdl 32]} Bxh2+ 26. Kh1 Rxg6 (26... Ke7 $142 27. fxe6 Bf4) 27. fxg6+ Bf4 28. Re1 {Precision: White = 97%, Black = 49%.} 1-0

[Event "22nd Alekhine Master 2018"]
[Site "Voronezh"]
[Date "2018.06.20"]
[Round "8"]
[White "Matinian, Nikita"]
[Black "Pridorozhni, Aleksei"]
[Result "1-0"]
[WhiteElo "2496"]
[BlackElo "2589"]
[Annotator "TA"]
[PlyCount "95"]
[EventDate "2018.06.21"]
[EventType "swiss"]
[EventCountry "RUS"]
[SourceTitle "playchess.com"]
[Source "ChessBase"]
[SourceQuality "1"]

{[%evp 27,95,8,66,66,55,73,80,47,163,163,155,156,159,165,156,148,185,183,194,193,197,197,198,192,190,187,212,177,212,205,227,195,254,232,252,252,238,149,157,150,147,146,264,264,268,225,237,223,229,199,174,106,203,220,236,179,620,590,683,674,841,806,2451,2335,2453,2298,12838,12839,12839,12839]} 1. e4 {Bulletin} c5 2. Nf3 e6 3. d4 cxd4 4. Nxd4 Nf6 5. Nc3 Nc6 6. a3 d6 7. Be2 Be7 8. Be3 a6 9. O-O O-O 10. f4 {[%cal Bf2f4,Bf4f5][%mdl 32]} Bd7 11. Kh1 Qc7 12. Qe1 Nxd4 13. Bxd4 Bc6 14. Qg3 g6 (14... b5 $11) 15. f5 $14 {B48: Sicilian: Taimanov: 5 Nc3 Qc7 6 Be3 a6 without Be2} e5 16. Be3 Kh8 (16... Nxe4 17. Nxe4 Bxe4 18. f6 $15) 17. Bg5 {[#] Strongly threatening Qh4.White is better.} Nh5 $146 ({Better is} 17... Nxe4 $14 18. Nxe4 Bxe4) ({Predecessor:} 17... Nxe4 18. Nxe4 Bxe4 19. f6 Bd8 20. Bd3 Bc6 21. Qh4 Qd7 22. Rae1 Bb6 23. Be4 h5 24. Bf5 Qd8 25. Bd2 Re8 26. Qg5 Kg8 27. Bxg6 {1-0 (27) Jussupow,A (2450)-Sveshnikov,E (2565) Ashkhabad (Turkmenistan) 1978 MCL [Bulletin]}) 18. Bxh5 $1 $18 Bxg5 19. Qxg5 f6 20. Qh6 gxh5 21. Rad1 Rad8 22. Rf3 Qg7 23. Qxh5 Rg8 {[%csl Gg8][%cal Rg7g2]} 24. Rg3 Qe7 25. Rxg8+ Rxg8 26. Qf3 b5 27. Nd5 Bxd5 28. Rxd5 {[%mdl 4096] Endgame KQR-KQR} ({Not} 28. exd5 e4 $11) 28... Rc8 29. Qd3 Rc6 (29... Qa7 {might work better.}) 30. h3 Qf8 31. c3 Qh6 32. Qd2 ({Stronger than} 32. Rxd6 Rxd6 33. Qxd6 Qc1+ 34. Kh2 Qf4+ 35. Kg1 (35. g3 Qf2+ 36. Kh1 Qf3+ 37. Kh2 Qf2+ 38. Kh1 Qe1+ 39. Kh2 Qf2+ $11) 35... Qc1+ 36. Kh2 Qf4+ 37. g3 Qf2+ 38. Kh1 Qf3+ 39. Kg1 Qxg3+ 40. Kf1 Qf3+ 41. Kg1 Qe3+ 42. Kh2 Qf4+ 43. Kg2 Qxe4+ 44. Kg3 Qe3+ 45. Kg2 Qe4+ 46. Kh2 Qf4+ 47. Kg2 Qg5+ 48. Kh2 h5 $11) 32... Qxd2 33. Rxd2 $16 {KR-KR} Kg7 34. Kg1 a5 {[#]} (34... Kf8 $16 {was called for.} 35. g4 Ke7) 35. Kf2 $1 $18 b4 36. axb4 axb4 37. cxb4 Rb6 38. Ke3 Rxb4 {[#]} 39. Kd3 $1 Kf7 (39... Kh6 $16 {is a better defense.}) 40. Kc3 Rxe4 41. Rxd6 Ke7 $2 (41... Rf4 42. Rd7+ Ke8 43. Rxh7 Rxf5) 42. Re6+ {White is clearly winning.} Kd7 43. Rxf6 Re2 44. g4 {[%cal Bg2g4,Bg4g5,Bg5g6][%mdl 32]} h5 45. g5 Re3+ 46. Kc4 Rxh3 47. g6 Rg3 48. Kd5 {Precision: White = 87%, Black = 28%.} 1-0

[Event "22nd Alekhine Master 2018"]
[Site "Voronezh"]
[Date "2018.06.20"]
[Round "8"]
[White "Kozionov, Kirill"]
[Black "Volkov, Sergey"]
[Result "1/2-1/2"]
[WhiteElo "2456"]
[BlackElo "2580"]
[Annotator "TA"]
[PlyCount "78"]
[EventDate "2018.06.21"]
[EventType "swiss"]
[EventCountry "RUS"]
[SourceTitle "playchess.com"]
[Source "ChessBase"]
[SourceQuality "1"]

{[%evp 21,78,25,12,2,16,7,25,16,52,30,36,35,37,39,50,46,47,62,54,50,44,0,0,0,0,0,0,0,4,2,2,0,0,0,0,0,0,0,0,-26,0,-10,0,0,0,-7,-4,-6,0,-13,0,0,0,0,0,0,0,0,0]} 1. d4 d5 2. c4 c6 3. Nf3 Nf6 4. Nc3 a6 5. c5 Nbd7 6. Bf4 Nh5 7. Bd2 g6 8. e4 {D15: Slav Defence: 4 Nc3 a6 and gambit lines after 4 Nc3 dxc4} dxe4 9. Nxe4 Ndf6 10. Nxf6+ exf6 11. Bc4 Qe7+ {LiveBook: 10 Games} 12. Be2 Be6 (12... Bg7 13. O-O Qc7 14. Re1 O-O 15. Bc4 Bg4 {1-0 (54) Steingrimsson,H (2574)-Ludwig,J (2388) Cocoa Beach 2018}) 13. O-O Qd7 14. Re1 Ng7 15. Bc3 Be7 16. Nd2 $146 O-O 17. Nc4 {And now Nb6 would win.} Bd8 18. Ne3 Ne8 19. d5 Bxd5 20. Nxd5 cxd5 21. Qb3 {[#] aiming for Bf3.} Be7 $1 22. Rad1 Nc7 23. Bf3 Bxc5 24. Bxf6 Qc6 25. Be5 Rae8 26. Bxc7 Rxe1+ 27. Rxe1 {Bg3 is the strong threat.} Qxc7 28. Bxd5 Rd8 29. Rd1 ({But not} 29. Qxb7 {[#]} Bxf2+ $1 {[%mdl 512]} 30. Kxf2 Qc5+ 31. Kg3 Rxd5 $17) 29... Rd6 30. Bf3 Bd4 31. Qb4 {The position is equal.} a5 32. Qb5 Rb6 33. Qxa5 Bxf2+ 34. Kh1 Qe7 35. b3 Bc5 36. Re1 Qd6 37. Rd1 Qe7 38. Re1 Qd6 39. Rd1 Qe7 {Precision: White = 77%, Black = 59%.} 1/2-1/2

[Event "22nd Alekhine Master 2018"]
[Site "Voronezh"]
[Date "2018.06.20"]
[Round "8"]
[White "Sindarov, Javokhir"]
[Black "Stukopin, Andrey"]
[Result "0-1"]
[WhiteElo "2449"]
[BlackElo "2589"]
[Annotator "TA"]
[PlyCount "96"]
[EventDate "2018.06.21"]
[EventType "swiss"]
[EventCountry "RUS"]
[SourceTitle "playchess.com"]
[Source "ChessBase"]
[SourceQuality "1"]

{[%evp 9,96,-13,-3,-37,-14,-7,-20,-15,-12,-48,-43,-39,-36,-51,-46,-52,-17,-17,-18,-29,-15,-6,-9,-43,-32,-32,0,0,0,0,0,0,0,0,0,-330,-324,-325,-314,-318,-314,-581,-601,-592,-583,-716,-716,-712,-670,-641,-629,-703,-640,-745,-563,-1339,-1206,-1208,-1171,-1120,-1078,-950,-943,-931,-897,-810,-821,-2448,-2395,-2356,-2075,-1597,-4386,-2674,-3991,-1270,-2634,-1858,-2427,-2445,-2320,-12840,-12840,-12841,-12841,-12842,-12843,-12842,-12843]} 1. e4 c5 2. Nf3 Nc6 3. Nc3 d6 4. Bb5 e5 5. Bxc6+ bxc6 {LiveBook: 10 Games} 6. h3 {B51: Sicilian: Moscow Variation (3 Bb5+) without 3...Bd7} (6. d3 g6 7. O-O Bg7 8. Ne1 Nf6 9. f4 exf4 10. Bxf4 Ng4 11. Nf3 Qe7 12. Qe1 Rb8 13. Qg3 Ne5 {1-0 (55) Movsesian,S (2667)-Sorm,D (2314) Czech Republic 2018}) 6... Be7 7. d3 f5 8. exf5 {The position is equal.} Bxf5 9. Ne4 Nf6 {[%cal Bg8f6,Bf6d5,Bd5f4][%mdl 32]} 10. Ng3 $146 ({Predecessor:} 10. O-O Nd5 11. Nc3 Be6 12. Nxd5 cxd5 13. Ng5 {0-1 (26) Babic,D (2316)-Jankovic,A (2446) Omis 2005}) 10... Bd7 11. O-O O-O 12. c3 Kh8 13. Re1 Nd5 14. d4 exd4 15. cxd4 cxd4 16. Nxd4 Qb6 17. Ne4 Nf4 18. Nf3 {aiming for Bxf4.} d5 $36 {[%mdl 2048] Black fights for an advantage.} 19. Be3 Qxb2 20. Nc5 Bxc5 $1 21. Bxc5 Rfe8 22. Qb3 $2 {[%mdl 8192] [#]} (22. Rb1 $11 Rxe1+ 23. Qxe1) 22... Rxe1+ $1 $19 23. Rxe1 Qxb3 24. axb3 Nd3 $1 {[%csl LRc5,LRe1]} 25. Re7 $2 (25. Bd6 {might work better.} Nxe1 26. Nxe1) 25... Nxc5 {Black is clearly winning.} 26. b4 Re8 27. Rxe8+ Bxe8 28. bxc5 {[%mdl 4096] Endgame KB-KN} a5 29. Nd4 a4 30. Nc2 Bg6 31. Na3 Bd3 32. f4 Kg8 33. Kf2 d4 {[%cal Bd5d4,Bd4d3][%mdl 32]} 34. Ke1 Kf7 35. Kd2 Bf1 36. Nc2 d3 37. Nb4 a3 {[%cal Ba4a3,Ba3a2][%mdl 32]} 38. h4 h5 39. Kc3 Kf6 40. g3 Be2 41. Kd2 Kf5 42. Nxc6 a2 {[#] ( -> ...Ke4)} 43. Nd4+ Ke4 44. Nb3 Kd5 45. f5 Kc4 46. c6 Bg4 47. c7 Bxf5 48. Na1 g6 {Precision: White = 48%, Black = 77%.} 0-1

[Event "22nd Alekhine Master 2018"]
[Site "Voronezh"]
[Date "2018.06.20"]
[Round "8"]
[White "Drygalov, Andrey"]
[Black "Khegay, Dmitriy"]
[Result "*"]
[WhiteElo "2435"]
[BlackElo "2495"]
[Annotator "TA"]
[PlyCount "29"]
[EventDate "2018.06.21"]
[EventType "swiss"]
[EventCountry "RUS"]
[SourceTitle "playchess.com"]
[Source "ChessBase"]
[SourceQuality "1"]

{[%evp 15,25,-27,-41,-48,-37,-98,-102,-121,-50,-56,-18,-49]} 1. d4 d5 2. c4 dxc4 3. Nf3 c6 4. g3 (4. e3 Be6 5. a4 Nf6 6. Na3 c5 7. Nxc4 Nc6 8. a5 Bd5 9. a6 e6 10. Nce5 Nxe5 11. dxe5 Nd7 12. axb7 Rb8 13. Rxa7 c4 14. Bd2 {1-0 (54) Melkumyan,H (2642)-Jobava,B (2712) Austria 2018}) 4... Nd7 5. Bg2 b5 6. O-O {D11: Slav Defence: 3 Nf3 sidelines and 3...Nf6 4 e3 Bg4} Bb7 7. e4 e6 8. a4 Ngf6 {LiveBook: 7 Games} 9. Re1 Be7 10. b3 (10. axb5 $15 cxb5 11. Nc3) 10... cxb3 $17 11. Qxb3 {[#]} a6 (11... b4 $1 $17 12. Nbd2 O-O) 12. Nc3 $15 O-O 13. Ba3 {Predecessor:} Bxa3 $146 14. Qxa3 Nb6 15. Rac1 {½-½ (65) Syvalahti,T (2139)-Redondo Benavente,J (2206) Prague 2016} *

[Event "22nd Alekhine Master 2018"]
[Site "Voronezh"]
[Date "2018.06.20"]
[Round "8"]
[White "Shinkevich, Vitaly"]
[Black "Demidov, Mikhail"]
[Result "0-1"]
[WhiteElo "2429"]
[BlackElo "2513"]
[Annotator "TA"]
[PlyCount "50"]
[EventDate "2018.06.21"]
[EventType "swiss"]
[EventCountry "RUS"]
[SourceTitle "playchess.com"]
[Source "ChessBase"]
[SourceQuality "1"]

{[%evp 13,50,-2,14,-4,0,0,0,0,0,8,9,0,0,-20,-10,-16,-18,-29,0,0,16,0,13,-4,0,0,5,0,0,-12,-25,-8,0,0,7,-67,-38,-47,-47]} 1. c4 Nf6 2. Nc3 e5 3. g3 Bb4 4. Bg2 O-O 5. Nf3 Re8 6. O-O d6 7. d3 c6 {LiveBook: 4 Games} 8. Bd2 {A22: English Opening: 1...e5 2 Nc3 Nf6} h6 9. a3 Ba5 (9... Bxc3 10. Bxc3 Bg4 11. h3 Bxf3 12. Bxf3 Nbd7 13. Bg2 d5 14. cxd5 Nxd5 15. Bd2 {1-0 (39) Movsesian,S (2699)-Ghaem Maghami,E (2554) Khanty-Mansiysk 2013}) 10. b4 {The position is equal.} Bb6 11. e4 Be6 12. h3 Nbd7 13. Kh2 a5 14. Rb1 $146 ({Predecessor:} 14. Ng1 Nf8 {0-1 (43) Schindler,S (2271)-Wilczek,T (2497) IECG email 2004}) 14... axb4 15. axb4 Bc7 16. Nh4 Nh7 17. Nf5 Ndf8 18. f4 Bxf5 19. exf5 Nf6 20. b5 d5 21. bxc6 bxc6 22. cxd5 cxd5 23. Rb5 {[%cal Rc3d5]} exf4 24. gxf4 (24. Bxf4 $11 Bxf4 25. Rxf4) 24... Rb8 25. Rxb8 Bxb8 {Precision: White = 44%, Black = 58%.} 0-1

[Event "22nd Alekhine Master 2018"]
[Site "Voronezh"]
[Date "2018.06.20"]
[Round "8"]
[White "Makarian, Rudik"]
[Black "Timofeev, Artyom"]
[Result "0-1"]
[WhiteElo "2343"]
[BlackElo "2583"]
[Annotator "TA"]
[PlyCount "40"]
[EventDate "2018.06.21"]
[EventType "swiss"]
[EventCountry "RUS"]
[SourceTitle "playchess.com"]
[Source "ChessBase"]
[SourceQuality "1"]

{[%evp 13,40,10,0,-31,-27,-34,-34,-35,-35,-33,-37,-31,-30,-35,-54,-150,-140,-164,-159,-179,-156,-276,-285,-322,-283,-515,-331,-515,-519]} 1. d4 Nf6 2. c4 g6 3. Nf3 Bg7 4. g3 c5 5. d5 d6 6. Bg2 b5 7. O-O bxc4 {LiveBook: 20 Games} 8. Nc3 {E60: King's Indian: Unusual lines and Fianchetto Variation without Nc3} (8. Nfd2 O-O 9. Nxc4 a5 10. a4 Na6 11. Bd2 Nb4 12. Bc3 Bb7 13. e4 Qc7 14. Nba3 Ba6 15. Re1 Nd7 16. Bxg7 Kxg7 {1-0 (57) Inarkiev,E (2660)-Lagno,K (2523) Moscow 2015}) 8... Nbd7 {[%cal Bb8d7,Bd7b6,Bb6c4][%mdl 32]} 9. Nd2 Nb6 10. Nxc4 $146 {Black is slightly better.} ({Predecessor:} 10. h3 O-O 11. e4 Ba6 12. f4 Ne8 {0-1 (41) Stivelberg Pereira,L (2017)-Fraga Castro,J (2124) Formentera 2002}) 10... Nxc4 11. Qa4+ Nd7 {[#] Strongly threatening ...Ncb6.} 12. Qxc4 O-O 13. Qh4 Rb8 14. Bg5 ({White should try} 14. Qa4 $15) 14... Re8 $36 {[%mdl 2048] Keeping White busy.} 15. Rab1 {[#]} Rb4 $1 {[%cal Rb4h4]} 16. e4 Qb6 {White must now prevent ...Bxc3.} 17. a3 (17. Bd2 $17) 17... Rb3 $19 18. Rbc1 Ne5 19. f4 $2 (19. Bxe7 {only move.} Ba6 20. Bg5) 19... Ng4 20. f5 (20. Kh1 $142 Ne3 21. Bxe7) 20... c4+ {Precision: White = 12%, Black = 81%.} 0-1

[Event "22nd Alekhine Master 2018"]
[Site "Voronezh"]
[Date "2018.06.21"]
[Round "9"]
[White "Kokarev, Dmitry"]
[Black "Stukopin, Andrey"]
[Result "1/2-1/2"]
[WhiteElo "2603"]
[BlackElo "2589"]
[Annotator "TA"]
[PlyCount "25"]
[EventDate "2018.06.21"]
[EventType "swiss"]
[EventCountry "RUS"]
[SourceTitle "playchess.com"]
[Source "ChessBase"]
[SourceQuality "1"]

{[%evp 24,25,26,0]} 1. e4 e5 2. Nf3 Nc6 3. Bb5 {[%cal Bf1b5,Bb5a4,Ba4b3][%mdl 32]} a6 4. Ba4 Nf6 5. O-O Be7 6. Re1 b5 7. Bb3 d6 8. c3 O-O 9. h3 Re8 $146 ({Predecessor:} 9... Nb8 10. d4 Nbd7 11. Nbd2 Bb7 12. Bc2 Re8 13. Nf1 Bf8 14. Ng3 g6 15. a4 Nb6 16. axb5 axb5 17. Bg5 Bg7 18. Bd3 Rxa1 19. Qxa1 c6 20. Be3 Qc7 21. dxe5 dxe5 22. Qc1 Bc8 23. Qc2 {½-½ (32) Anand,V (2767)-Carlsen,M (2834) Wijk aan Zee 2018}) 10. Ng5 Rf8 11. Nf3 Re8 12. Ng5 Rf8 13. Nf3 {LiveBook: 19839 Games} 1/2-1/2

[Event "22nd Alekhine Master 2018"]
[Site "Voronezh"]
[Date "2018.06.21"]
[Round "9"]
[White "Pridorozhni, Aleksei"]
[Black "Sindarov, Javokhir"]
[Result "0-1"]
[WhiteElo "2589"]
[BlackElo "2449"]
[Annotator "TA"]
[PlyCount "50"]
[EventDate "2018.06.21"]
[EventType "swiss"]
[EventCountry "RUS"]
[SourceTitle "playchess.com"]
[Source "ChessBase"]
[SourceQuality "1"]

{[%evp 17,50,0,0,-104,-118,-94,-101,-151,-85,-77,-24,-24,-30,-80,-80,-80,-81,-87,-90,-222,-228,-214,-133,-143,-162,-146,-136,-214,-209,-407,-241,-275,-193,-325,-331]} 1. e4 e5 2. Nf3 Nc6 3. c3 Nf6 {[%cal Bg8f6,Bf6e4,Be4f2][%mdl 32]} 4. d4 {[%cal Bd2d4,Bd4d5,Bd5c6][%mdl 32]} Nxe4 5. d5 Bc5 6. dxc6 Bxf2+ {C44: Ponziani Opening and Scotch Gambit} 7. Ke2 Bb6 (7... O-O 8. Qd5 Nf6 9. cxb7 Nxd5 10. bxa8=Q Ba6+ 11. Kxf2 Qxa8 12. Bxa6 e4 13. Nd4 e3+ 14. Kg1 {1-0 (65) Nepomniachtchi,I (2730)-Sargissian,G (2686) Dubai 2014}) 8. Qd5 Nf2 9. Rg1 O-O {LiveBook: 3 Games} 10. Bg5 ({Don't blunder} 10. Nxe5 $2 bxc6 11. Qf3 Qe7 $19) (10. cxb7 $11 Bxb7 11. Qxb7) 10... bxc6 $17 11. Bxd8 cxd5 12. Bh4 Ba6+ (12... Ng4 $142 13. Rh1 Ne3) 13. Ke1 Bxf1 (13... Nd3+ $17 14. Bxd3 Bxd3) 14. Bxf2 $11 Ba6 $146 15. Bxb6 axb6 16. Kf2 e4 {[%mdl 1024] Black has strong compensation.} 17. Nd4 f5 $36 {[%mdl 2048] Black has strong initiative.} 18. g3 (18. Na3 $17 {is a better defense.}) 18... c5 $19 19. Ne2 g5 20. h4 h6 {[%cal Bh7h6,Bh6g5][%mdl 32]} 21. Na3 {[#]} Kf7 $1 22. hxg5 (22. Nc2 $17) 22... hxg5 23. Rh1 $2 {[#]} (23. Rg2 {was necessary.}) 23... Rh8 (23... e3+ $142 $1 {[%mdl 512]} 24. Ke1 (24. Kxe3 Rfe8+) 24... Rh8) 24. Rag1 Kf6 25. Ke3 (25. Nc2 $142) 25... Ke5 {Precision: White = 33%, Black = 73%.} 0-1

[Event "22nd Alekhine Master 2018"]
[Site "Voronezh"]
[Date "2018.06.21"]
[Round "9"]
[White "Timofeev, Artyom"]
[Black "Chigaev, Maksim"]
[Result "1/2-1/2"]
[WhiteElo "2583"]
[BlackElo "2577"]
[Annotator "TA"]
[PlyCount "28"]
[EventDate "2018.06.21"]
[EventType "swiss"]
[EventCountry "RUS"]
[SourceTitle "playchess.com"]
[Source "ChessBase"]
[SourceQuality "1"]

{[%evp 27,28,0,35]} 1. e4 e5 2. Nf3 Nc6 3. Bb5 a6 4. Ba4 Nf6 5. O-O Be7 6. Re1 b5 7. Bb3 d6 8. c3 O-O 9. h3 Bb7 10. d4 Re8 11. Ng5 $146 ({Predecessor:} 11. Nbd2 exd4 12. cxd4 Nd7 13. Nf1 Na5 14. Bc2 Bf6 15. Ne3 Bxe4 16. Bd2 Bxc2 17. Qxc2 Nc4 18. Nxc4 Rxe1+ 19. Rxe1 bxc4 20. Qxc4 {½-½ (60) Shankland,S (2671)-Bu,X (2725) Liaocheng 2018}) 11... Rf8 12. Nf3 Re8 13. Ng5 Rf8 14. Nf3 Re8 {LiveBook: 6253 Games} 1/2-1/2